| 000 | 00666nam a2200205 i 4500 | ||
|---|---|---|---|
| 001 | 85368 | ||
| 003 | ES-MaACL | ||
| 005 | 20240423092724.0 | ||
| 007 | t| | ||
| 008 | 041126s1968 sp ||||1| spa d | ||
| 080 | _a82-34"18/19"(082.2) | ||
| 245 | 0 | 0 |
_aJoyas del cuento norteamericano / _cselección, revisión, prólogo, Fernando Quiñones. |
| 260 |
_aMadrid : _bSelecciones del Reader's Digest, _c1968. |
||
| 300 |
_a154 p. : _bil. ; _c20 cm. |
||
| 650 | 4 |
_aCuentos norteamericanos. _9156553 |
|
| 700 | 0 |
_aQuiñones, Fernando, _d1930-1998 _994750 |
|
| 710 | 2 |
_aSelecciones del Reader's Digest. _96545 |
|
| 852 | 4 |
_aES-MaACL _jC-33542 |
|
| 999 |
_c85368 _d85368 |
||